Faktory vonkajšieho prostredia

Z Prognózy rozvoja Slovenska do roku 2010, ktorú pripravili pracovníci SAV. Zameranie prognózy - 1. vonkajšie prostredie Slovenska, 2. národná identita a hodnoty spoločnosti, 3. právny štát, 4. sociálno-demografická štruktúra a rodina, 5. konkurencieschopnosť a alternatívy rastu ekonomiky, 6. životn...

Description complète

Enregistré dans:
Détails bibliographiques
Format: Chapitre de livre
Langue:slovaque
Sujets:
Tags: Ajouter un tag
Pas de tags, Soyez le premier à ajouter un tag!

MARC

LEADER 00000naa a2200000 4500
001 r045169
005 20230927091354.4
041 0 |a slo 
044 |a SK 
245 1 0 |a Faktory vonkajšieho prostredia 
520 |a Z Prognózy rozvoja Slovenska do roku 2010, ktorú pripravili pracovníci SAV. Zameranie prognózy - 1. vonkajšie prostredie Slovenska, 2. národná identita a hodnoty spoločnosti, 3. právny štát, 4. sociálno-demografická štruktúra a rodina, 5. konkurencieschopnosť a alternatívy rastu ekonomiky, 6. životné prostredie, 7. sídelný a regionálny rozvoj. Členstvo v NATO a EÚ. Visegrádska štvorka. 
610 2 0 |a prognózy hospodárske 
610 2 0 |a rozvoj hospodársky 
610 2 0 |a vzťahy hospodárske vonkajšie 
610 2 0 |a Európska únia 
610 2 0 |a spolupráca hospodárska medzinárodná 
610 2 0 |a Slovensko 
610 2 0 |a NATO 
610 2 0 |a Vyšehradská štvorka